| 000 | 01892cam0a2200673 4500 | ||
|---|---|---|---|
| 001 | 13899 | ||
| 003 | http://www.sudoc.fr/005377226 | ||
| 005 | 20250718113144.0 | ||
| 010 | _a2070303594 | ||
| 035 | _a025950649 | ||
| 035 | _a064374106 | ||
| 035 | _a(OCoLC)396104838 | ||
| 035 | _aDYNIX_BUNAN_342580 | ||
| 035 | _asib0743575 | ||
| 035 | _aAIC14410501 | ||
| 035 | _aocm11118997 | ||
| 035 | _aPRITEC.METZ.020090506001 | ||
| 035 | _aLX002200560709P | ||
| 035 | _aALP000099105 | ||
| 035 | _aflora300224 | ||
| 035 | _aBUFRL3162818 | ||
| 035 | _acvz74006 | ||
| 073 | 0 | _a9782070303594 | |
| 090 | _a13899 | ||
| 099 | _o0 | ||
| 100 | _a19960918d1968 m y0frey50 ba | ||
| 101 | 1 | _afre | |
| 101 | 1 | _cspa | |
| 102 | _aFR | ||
| 105 | _ay z 000by | ||
| 181 |
_6z01 _ctxt _2rdacontent |
||
| 181 | 1 |
_6z01 _ai# _bxxxe## |
|
| 182 |
_6z01 _cn _2rdamedia |
||
| 182 | 1 |
_6z01 _an |
|
| 183 | 1 |
_6z01 _anga _2RDAfrCarrier |
|
| 200 | 1 |
_aLa marquise Roselinde _efarce sentimentale et grotesque _bLIVR |
|
| 214 | 0 |
_cGallimard _dDL 1968 |
|
| 214 | 0 | _aParis | |
| 215 | _a1 volume (141 pages) | ||
| 215 | _d17 cm | ||
| 225 | 2 | _aThéâtre du monde entier | |
| 410 | _0001033786 | ||
| 410 |
_tThéâtre du monde entier _x1958-9573 |
||
| 454 | _tLa marquesa Rosalinda | ||
| 608 |
_3027796825 _aThéâtre (genre littéraire) espagnol _3027794687 _z1900-1945 _3029051428 _xTraductions françaises _2rameau |
||
| 660 | _ae-sp--- | ||
| 676 | _a863 | ||
| 680 |
_aPQ6641.A47 _bM314 |
||
| 700 | 1 |
_aValle-Inclán _bRamón del _f1866-1936 |
|
| 700 | 1 |
_3027174794 _4070 |
|
| 702 | 1 |
_aSesé _bBernard _f1929-2020 |
|
| 702 | 1 |
_3027133893 _4730 |
|
| 801 | 3 |
_aFR _bAbes _c20240518 _gAFNOR _h025950649 |
|
| 801 | 3 |
_aFR _bAbes _c20240518 _gAFNOR _h064374106 |
|
| 801 | 3 |
_aFR _bSF _c19990209 |
|
| 801 | 1 |
_aUS _bOCLC _gAACR2 |
|
| 801 | 2 |
_aFR _bAUROC |
|
| 801 | 1 |
_aFR _bAIC _c20001129 |
|
| 801 | 1 |
_aFR _bBNF _c19960511 |
|